Financie

Strana venovaná finančnej problematike: Slovenská poisťovňa pripravuje prepojenie operácií na peňažnom trhu s krátkodobými úvermi najlepším klientom. Nový platobný doklad Poštovej banky - banková zloženka. Bank Austria na slovenskom trhu.

Gespeichert in:
Bibliographische Detailangaben
1. Verfasser: Žitňanský, Eduard
Weitere Verfasser: Bačišin, Vladimír, Matloň, Igor
Format: Buchkapitel
Sprache:Slowakisch
Schlagworte:
Tags: Tag hinzufügen
Keine Tags, Fügen Sie das erste Tag hinzu!

MARC

LEADER 00000naa a2200000 4500
001 r024974
005 20221213114436.2
041 0 |a slo 
044 |a SK 
245 1 0 |a Financie  |c Eduard Žitňanský, Igor Matloň, V. Bačišin 
520 |a Strana venovaná finančnej problematike: Slovenská poisťovňa pripravuje prepojenie operácií na peňažnom trhu s krátkodobými úvermi najlepším klientom. Nový platobný doklad Poštovej banky - banková zloženka. Bank Austria na slovenskom trhu. 
610 2 0 |a ústavy finančné 
610 2 0 |a Slovensko 
610 2 0 |a služby 
610 2 0 |a úver bankový 
610 2 0 |a trh kapitálový 
610 2 0 |a poukážky poštové 
610 2 0 |a Slovenská sporiteľňa, a.s. Bratislava 
610 2 0 |a Poštová banka, a.s. Bratislava 
610 2 0 |a Bank Austria 
100 1 |a Žitňanský, Eduard 
700 1 |a Bačišin, Vladimír 
700 1 |a Matloň, Igor